| 000 | 00882nam a2200265 4500 | ||
|---|---|---|---|
| 001 | 35307 | ||
| 003 | BD-RjUL | ||
| 005 | 20211209052310.0 | ||
| 008 | 140522s1971 caub b 001 0 eng | ||
| 035 | _a(BD-RjUL)35401 | ||
| 040 |
_aDLC _cDLC _dBD-RjUL _beng |
||
| 041 | _aeng | ||
| 082 | 0 | 0 |
_a324.54 _bFOK 1971 |
| 100 | 1 |
_aFox, Richard Gabriel _d1939- _9107558 |
|
| 245 | 1 | 0 |
_aKin, clan, raja, and rule : _bstatehinterland relations in preindustrial India / _cRichard G. Fox. |
| 260 |
_aBerkeley : _bUniversity of California Press, _cc1971. |
||
| 300 |
_aix, 187 p. : _bill., maps. ; _c23 cm. |
||
| 504 | _aIncludes Bibliography and index. | ||
| 650 | 0 |
_aPolitical participation _zIndia. _9107559 |
|
| 650 | 0 |
_aPolitical sociology _xCase studies. _9107560 |
|
| 651 | 0 |
_aIndia _xPolitics and government. _9107561 |
|
| 942 |
_2ddc _cBK |
||
| 999 |
_c35307 _d35307 |
||